<?xml version="1.0" encoding="UTF-8"?>
<collection xmlns="http://www.loc.gov/MARC21/slim">
 <record>
  <leader>01806cam a2200409   4500</leader>
  <controlfield tag="001">1076841163</controlfield>
  <controlfield tag="003">DE-627</controlfield>
  <controlfield tag="005">20240424213904.0</controlfield>
  <controlfield tag="007">tu</controlfield>
  <controlfield tag="008">850101s1967    xx |||||      00| ||ger c</controlfield>
  <datafield tag="035" ind1=" " ind2=" ">
   <subfield code="a">(DE-627)1076841163</subfield>
  </datafield>
  <datafield tag="035" ind1=" " ind2=" ">
   <subfield code="a">(DE-576)006841163</subfield>
  </datafield>
  <datafield tag="035" ind1=" " ind2=" ">
   <subfield code="a">(DE-599)BSZ006841163</subfield>
  </datafield>
  <datafield tag="035" ind1=" " ind2=" ">
   <subfield code="a">(OCoLC)34365581</subfield>
  </datafield>
  <datafield tag="035" ind1=" " ind2=" ">
   <subfield code="a">(OCoLC)34365581</subfield>
  </datafield>
  <datafield tag="035" ind1=" " ind2=" ">
   <subfield code="a">(DE-604)807127927x</subfield>
  </datafield>
  <datafield tag="040" ind1=" " ind2=" ">
   <subfield code="a">DE-627</subfield>
   <subfield code="b">ger</subfield>
   <subfield code="c">DE-627</subfield>
   <subfield code="e">rakwb</subfield>
  </datafield>
  <datafield tag="041" ind1=" " ind2=" ">
   <subfield code="a">ger</subfield>
  </datafield>
  <datafield tag="084" ind1=" " ind2=" ">
   <subfield code="a">1</subfield>
   <subfield code="2">ssgn</subfield>
  </datafield>
  <datafield tag="084" ind1=" " ind2=" ">
   <subfield code="a">PY 605</subfield>
   <subfield code="2">rvk</subfield>
   <subfield code="0">(DE-625)rvk/141094:</subfield>
  </datafield>
  <datafield tag="100" ind1="1" ind2=" ">
   <subfield code="a">Pauly, Ferdinand</subfield>
   <subfield code="d">1917-1992</subfield>
   <subfield code="0">(DE-588)172302978</subfield>
   <subfield code="0">(DE-627)697211665</subfield>
   <subfield code="0">(DE-576)162499582</subfield>
   <subfield code="4">aut</subfield>
  </datafield>
  <datafield tag="245" ind1="1" ind2="0">
   <subfield code="a">Siedlung und Pfarrorganisation im alten Erzbistum Trier</subfield>
   <subfield code="b">das Landkapitel Merzig</subfield>
   <subfield code="c">Ferdinand Pauly</subfield>
  </datafield>
  <datafield tag="264" ind1=" " ind2="1">
   <subfield code="a">Trier</subfield>
   <subfield code="b">Bistumsarchiv</subfield>
   <subfield code="c">1967</subfield>
  </datafield>
  <datafield tag="300" ind1=" " ind2=" ">
   <subfield code="a">209 S.</subfield>
   <subfield code="b">Kt.</subfield>
  </datafield>
  <datafield tag="336" ind1=" " ind2=" ">
   <subfield code="a">Text</subfield>
   <subfield code="b">txt</subfield>
   <subfield code="2">rdacontent</subfield>
  </datafield>
  <datafield tag="337" ind1=" " ind2=" ">
   <subfield code="a">ohne Hilfsmittel zu benutzen</subfield>
   <subfield code="b">n</subfield>
   <subfield code="2">rdamedia</subfield>
  </datafield>
  <datafield tag="338" ind1=" " ind2=" ">
   <subfield code="a">Band</subfield>
   <subfield code="b">nc</subfield>
   <subfield code="2">rdacarrier</subfield>
  </datafield>
  <datafield tag="490" ind1="1" ind2=" ">
   <subfield code="a">Veröffentlichungen des Bistumsarchivs Trier</subfield>
   <subfield code="v">15</subfield>
  </datafield>
  <datafield tag="583" ind1="1" ind2=" ">
   <subfield code="a">Archivierung/Langzeitarchivierung gewährleistet</subfield>
   <subfield code="f">SSG</subfield>
   <subfield code="x">XA-DE-BW</subfield>
   <subfield code="2">pdager</subfield>
   <subfield code="5">DE-21</subfield>
  </datafield>
  <datafield tag="787" ind1="0" ind2="8">
   <subfield code="i">Rezension</subfield>
   <subfield code="a">Schindler, Reinhard, 1912 - 2001</subfield>
   <subfield code="t">[Rezension von: F. Pauly, Siedlung und Pfarrorganisation im alten Erzbistum Trier]</subfield>
   <subfield code="d">1968</subfield>
   <subfield code="w">(DE-627)1771700149</subfield>
  </datafield>
  <datafield tag="810" ind1="2" ind2=" ">
   <subfield code="a">Bistumsarchiv Trier</subfield>
   <subfield code="t">Veröffentlichungen des Bistumsarchivs Trier</subfield>
   <subfield code="v">15</subfield>
   <subfield code="9">15</subfield>
   <subfield code="w">(DE-627)130199001</subfield>
   <subfield code="w">(DE-576)015743292</subfield>
   <subfield code="w">(DE-600)531564-5</subfield>
   <subfield code="7">ns</subfield>
  </datafield>
  <datafield tag="889" ind1=" " ind2=" ">
   <subfield code="w">(DE-627)1751754456</subfield>
  </datafield>
  <datafield tag="935" ind1=" " ind2=" ">
   <subfield code="a">mteo</subfield>
  </datafield>
  <datafield tag="936" ind1="r" ind2="v">
   <subfield code="a">PY 605</subfield>
   <subfield code="b">Pfarrei in einzelnen Ländern</subfield>
   <subfield code="k">Rechtswissenschaft</subfield>
   <subfield code="k">Historische Kanonistik</subfield>
   <subfield code="k">Geschichte der Institutionen des Kirchenrechts</subfield>
   <subfield code="k">Pfarrei in einzelnen Ländern</subfield>
   <subfield code="0">(DE-627)1271788535</subfield>
   <subfield code="0">(DE-625)rvk/141094:</subfield>
   <subfield code="0">(DE-576)201788535</subfield>
  </datafield>
  <datafield tag="951" ind1=" " ind2=" ">
   <subfield code="a">BO</subfield>
  </datafield>
  <datafield tag="991" ind1=" " ind2=" ">
   <subfield code="a">Rezensiertes Werk</subfield>
  </datafield>
  <datafield tag="999" ind1=" " ind2=" ">
   <subfield code="a">KXP-PPN1076841163</subfield>
   <subfield code="e">4564502069</subfield>
  </datafield>
 </record>
</collection>
